Siege pro Nation in der Formel 1 seit 2000 - Statistiken

Allgemein
  • Dieses Quiz wurde 149 mal gespielt
  • Das Durchschnittsergebnis liegt bei 11 aus 14
Antwortstatistiken
Siege Nation Saisons % Korrekt
138 Deutschland 2000-2019
100%
71 Niederlande 2016-2025
97%
36 Spanien 2003-2024
97%
144 Großbritannien 2000-2026
94%
2 Frankreich 2020-2021
92%
22 Brasilien 2000-2009
89%
8 Italien 2003-2026
88%
25 Australien 2009-2025
87%
38 Finnland 2000-2021
87%
8 Monaco 2019-2024
74%
6 Mexiko 2020-2023
71%
1 Polen 2008
65%
7 Kolumbien 2001-2005
57%
1 Venezuela 2012
42%
Keine übereinstimmenden Quizze gefunden
Verteilung der Resultate
Anzahl Personen mit jedem Resultat
Perzentil nach korrekt beantworteten Fragen
Ihre Resultats-Entwicklung
Sie haben dieses Quiz noch nicht gespielt